K výsledkom pomohla koordinácia
Priemerná miera recyklácie skla v EÚ prvýkrát prekročila hranicu 70 percent. Znamená to, že v celej EÚ bolo v roku 2011 vyzbieraných vyše 11 miliónov ton skla, čo zodpovedá 25 miliardám fliaš a pohárov. Miera recyklácie skla v Európe. Význam recyklácie pre ekonomiku.
Saved in:
| Main Author: | |
|---|---|
| Format: | Book Chapter |
| Language: | Slovak |
| Subjects: | |
| Tags: |
No Tags, Be the first to tag this record!
|
MARC
| LEADER | 00000naa a2200000 4500 | ||
|---|---|---|---|
| 001 | 0168780 | ||
| 005 | 20231109070708.5 | ||
| 041 | 0 | |a slo | |
| 044 | |a SK | ||
| 245 | 1 | 0 | |a K výsledkom pomohla koordinácia |c Andrea Hinková |
| 520 | |a Priemerná miera recyklácie skla v EÚ prvýkrát prekročila hranicu 70 percent. Znamená to, že v celej EÚ bolo v roku 2011 vyzbieraných vyše 11 miliónov ton skla, čo zodpovedá 25 miliardám fliaš a pohárov. Miera recyklácie skla v Európe. Význam recyklácie pre ekonomiku. | ||
| 610 | 2 | 0 | |a sklo |
| 610 | 2 | 0 | |a recyklácia odpadu |
| 610 | 2 | 0 | |a Európska únia |
| 100 | 1 | |a Hinková, Andrea | |